[Event "FIDE Online Steinitz Memorial"]
[Site "chess24.com INT"]
[Date "2020.05.17"]
[EventDate "2020.05.15"]
[Round "15"]
[Result "1/2-1/2"]
[White "Le Quang Liem"]
[Black "Anton Korobov"]
[WhiteElo "2709"]
[BlackElo "2688"]
[PlyCount "155"]

1. Nf3 d5 2. d4 Nf6 3. c4 c6 4. g3 g6 5. b3 Bg7 6. Bb2 O-O
7. Nbd2 Bf5 8. Bg2 Ne4 9. O-O Qa5 10. a3 Nd7 11. Rc1 Rac8
12. b4 Qd8 13. e3 Nxd2 14. Nxd2 Bd3 15. Re1 Nb6 16. c5 Nc4
17. Nxc4 Bxc4 18. a4 Re8 19. f4 Qd7 20. Qd2 b6 21. Bf1 Bxf1
22. Rxf1 Rb8 23. Ba3 h5 24. Rc2 b5 25. Ra2 a6 26. Bb2 Qf5
27. Bc3 Bf6 28. Qc2 Qe6 29. Qe2 Qe4 30. Kf2 Kg7 31. Qc2 Qe6
32. Qd3 h4 33. Kg2 hxg3 34. hxg3 Rh8 35. f5 Qd7 36. e4 dxe4
37. Qxe4 Rh5 38. axb5 axb5 39. Ra6 Rc8 40. g4 Rg5 41. Bd2 gxf5
42. Rxf5 Rxf5 43. Qxf5 Qxf5 44. gxf5 Bxd4 45. Kf3 e6 46. Ke4
Bb2 47. fxe6 fxe6 48. Ra7+ Kg6 49. Ra2 Bf6 50. Bf4 Rd8 51. Bd6
Rh8 52. Ra6 Rh4+ 53. Kf3 Rxb4 54. Rxc6 Rc4 55. Rb6 b4 56. c6
b3 57. Rxb3 Rxc6 58. Bf4 Kf5 59. Be3 e5 60. Ra3 e4+ 61. Ke2
Rc2+ 62. Kd1 Rg2 63. Ra4 Be5 64. Rc4 Bf4 65. Bxf4 Kxf4 66. Rc3
Rf2 67. Ke1 Rf3 68. Rc8 Ra3 69. Rc2 Ra1+ 70. Ke2 Rh1 71. Rc3
Rh2+ 72. Ke1 e3 73. Rc8 Kf3 74. Rf8+ Ke4 75. Re8+ Kf3 76. Rf8+
Ke4 77. Re8+ Kf3 78. Rf8+ 1/2-1/2

[Event "FIDE Online Steinitz Memorial"]
[Site "chess24.com INT"]
[Date "2020.05.17"]
[EventDate "2020.05.15"]
[Round "15"]
[Result "0-1"]
[White "Peter Svidler"]
[Black "David Anton Guijarro"]
[WhiteElo "2723"]
[BlackElo "2703"]
[PlyCount "92"]

1. Nf3 d5 2. c4 dxc4 3. Na3 Nf6 4. Nxc4 e6 5. g3 b6 6. Bg2 Bb7
7. O-O Be7 8. b3 O-O 9. Bb2 c5 10. e3 Nc6 11. Qe2 Qc7 12. Rac1
Rac8 13. Ng5 h6 14. Ne4 Nxe4 15. Bxe4 f5 16. Bg2 Bf6 17. Bxf6
Rxf6 18. d4 cxd4 19. Rfd1 Rd8 20. Na3 e5 21. exd4 Nxd4
22. Qc4+ Qxc4 23. Nxc4 Ne2+ 24. Kf1 Bxg2+ 25. Kxg2 Rxd1
26. Rxd1 e4 27. Rd8+ Rf8 28. Rd7 Rf7 29. Rd8+ Kh7 30. Nd6 Rf6
31. Rd7 f4 32. Nxe4 f3+ 33. Kh3 Re6 34. Nd2 Ng1+ 35. Kg4 Re2
36. Nxf3 Nxf3 37. Kxf3 Rxa2 38. h4 Ra3 39. Kg4 a5 40. Rd3 b5
41. Rd7 Rxb3 42. Rb7 a4 43. f4 a3 44. Kf5 b4 45. g4 a2 46. g5
hxg5 0-1

[Event "FIDE Online Steinitz Memorial"]
[Site "chess24.com INT"]
[Date "2020.05.17"]
[EventDate "2020.05.15"]
[Round "16"]
[Result "1/2-1/2"]
[White "David Anton Guijarro"]
[Black "Le Quang Liem"]
[WhiteElo "2703"]
[BlackElo "2709"]
[PlyCount "226"]

1. Nf3 c5 2. c4 Nc6 3. Nc3 e5 4. e3 f5 5. d4 e4 6. Ng1 Nf6
7. Nh3 d6 8. Nf4 g6 9. h4 Bh6 10. Ncd5 O-O 11. Be2 b6 12. g3
Nxd5 13. cxd5 Ne7 14. dxc5 bxc5 15. Bc4 Rb8 16. b3 Bg7 17. Rb1
Qa5+ 18. Bd2 Qxa2 19. O-O Be5 20. Qc1 Ba6 21. Bxa6 Qxa6
22. Bc3 Bxf4 23. gxf4 Nxd5 24. Ba1 Nf6 25. Rd1 Rb4 26. Qd2 d5
27. Bc3 Rb5 28. Ra1 Qb7 29. Bxf6 Rxf6 30. Qxd5+ Qxd5 31. Rxd5
Rf7 32. Ra6 Kg7 33. Kg2 Kh6 34. Rc6 Rfb7 35. Rxf5 R7b6
36. Rfxc5 Rxc5 37. Rxc5 Rxb3 38. Ra5 Rb7 39. Kg3 Re7 40. h5
Kg7 41. Kg4 Kf6 42. h6 Kf7 43. Ra6 Rc7 44. f5 gxf5+ 45. Kxf5
Rc2 46. Rxa7+ Kg8 47. Rg7+ Kh8 48. Rg2 Rc6 49. Kxe4 Rxh6
50. f4 Re6+ 51. Kf3 h5 52. f5 Rh6 53. Kf4 h4 54. Rh2 Kg7
55. Kg5 h3 56. e4 Rh8 57. e5 Kf7 58. Kg4 Rg8+ 59. Kxh3 Rg1
60. Rg2 Re1 61. e6+ Kf6 62. Rf2 Re4 63. Kg3 Re3+ 64. Kf4 Re5
65. Kg4 Re4+ 66. Rf4 Re5 67. Rf1 Re4+ 68. Kg3 Re3+ 69. Rf3 Re4
70. Kf2 Re5 71. Rf4 Ra5 72. Kf3 Re5 73. Kf2 Rb5 74. Ke3 Rb3+
75. Kd2 Ra3 76. Re4 Ra8 77. Rf4 Ra3 78. Rf1 Rb3 79. Kc2 Re3
80. Rf2 Ra3 81. Kd2 Rb3 82. Ke2 Ra3 83. Rf3 Ra4 84. Ke3 Rb4
85. Rf2 Ra4 86. Kd3 Rb4 87. Kc3 Re4 88. Rf3 Ra4 89. Kd3 Rb4
90. Re3 Rb8 91. Kd4 Rd8+ 92. Kc5 Ke7 93. Rh3 Rc8+ 94. Kd5 Kf6
95. Rh6+ Kg5 96. Rh7 Kxf5 97. e7 Kg6 98. Rh1 Kf7 99. Kd6 Ra8
100. Rf1+ Kg7 101. Rc1 Kf7 102. Rf1+ Kg7 103. Kc6 Ra6+
104. Kc7 Ra7+ 105. Kd6 Ra6+ 106. Ke5 Ra5+ 107. Ke6 Ra6+
108. Kd5 Ra5+ 109. Kc6 Ra6+ 110. Kb7 Re6 111. Kc7 Rxe7+
112. Kd6 Rf7 113. Rxf7+ Kxf7 1/2-1/2

[Event "FIDE Online Steinitz Memorial"]
[Site "chess24.com INT"]
[Date "2020.05.17"]
[EventDate "2020.05.15"]
[Round "16"]
[Result "1-0"]
[White "Anton Korobov"]
[Black "Shakhriyar Mamedyarov"]
[WhiteElo "2688"]
[BlackElo "2764"]
[PlyCount "109"]

1. d4 d5 2. Bf4 Nf6 3. Nf3 Bf5 4. e3 e6 5. Bd3 Bg6 6. Ne5 Bxd3
7. cxd3 c6 8. Nd2 Bd6 9. O-O O-O 10. Qf3 Qc7 11. Qh3 Nbd7
12. Ndf3 Rfe8 13. g4 Nf8 14. g5 N6d7 15. Qg3 Nxe5 16. dxe5 Be7
17. h4 a5 18. h5 a4 19. Nh2 Qb6 20. Rab1 Kh8 21. Ng4 Qd8
22. Nf6 Nd7 23. Nxe8 Qxe8 24. Rfc1 c5 25. e4 d4 26. b3 axb3
27. Rxb3 b6 28. Rc2 Ra4 29. Kg2 Bd8 30. Bd2 Kg8 31. f4 Be7
32. f5 Qa8 33. f6 Bf8 34. Rbb2 c4 35. Rxc4 Rxc4 36. dxc4 Qxe4+
37. Qf3 Qxe5 38. Rb5 Bc5 39. fxg7 Kxg7 40. h6+ Kg6 41. Qd3+
Qf5 42. Qxf5+ Kxf5 43. a4 Ke4 44. a5 bxa5 45. Bxa5 d3 46. Rb7
Ne5 47. Bc3 Bd4 48. Bxd4 Kxd4 49. Kf2 Kc3 50. Ra7 d2 51. Ke2
Nxc4 52. Rxf7 Ne5 53. Rxh7 Nc4 54. Rc7 e5 55. Rxc4+ 1-0

[Event "FIDE Online Steinitz Memorial"]
[Site "chess24.com INT"]
[Date "2020.05.17"]
[EventDate "2020.05.15"]
[Round "17"]
[Result "0-1"]
[White "Anton Korobov"]
[Black "Jeffery Xiong"]
[WhiteElo "2688"]
[BlackElo "2709"]
[PlyCount "78"]

1. d4 Nf6 2. c4 c5 3. d5 b5 4. cxb5 a6 5. bxa6 g6 6. Nc3 Bxa6
7. Nf3 Bg7 8. e4 Bxf1 9. Kxf1 d6 10. g3 O-O 11. Kg2 Nbd7
12. h3 Qb6 13. Re1 Ne8 14. Re2 Nc7 15. Bg5 Rfe8 16. Rc1 Nb5
17. Nxb5 Qxb5 18. b3 e6 19. dxe6 Rxe6 20. Bf4 Nf6 21. a4 Qb7
22. Ng5 Ree8 23. Qxd6 h6 24. Nf3 Nxe4 25. Qd3 Rad8 26. Qb5 Qa8
27. Rce1 Re6 28. Qc4 Bd4 29. Bxh6 Rde8 30. b4 g5 31. bxc5 Bxf2
32. Rxf2 Nxf2 33. Rxe6 Rxe6 34. Bxg5 Nd1 35. Qg4 Re2+ 36. Kg1
Kf8 37. Bh6+ Ke7 38. Qg5+ Kd7 39. Qf5+ Ke8 0-1

[Event "FIDE Online Steinitz Memorial"]
[Site "chess24.com INT"]
[Date "2020.05.17"]
[EventDate "2020.05.15"]
[Round "17"]
[Result "1/2-1/2"]
[White "Shakhriyar Mamedyarov"]
[Black "David Anton Guijarro"]
[WhiteElo "2764"]
[BlackElo "2703"]
[PlyCount "140"]

1. d4 d5 2. c4 dxc4 3. Nf3 Nf6 4. e3 e6 5. Bxc4 a6 6. O-O c5
7. Re1 b5 8. Bd3 cxd4 9. Nxd4 Bb7 10. a4 b4 11. b3 Nbd7
12. Bb2 Be7 13. Nd2 Nc5 14. Bc2 O-O 15. f3 Nd5 16. Nc4 Bf6
17. Rc1 g6 18. Bb1 Rc8 19. Kh1 Bg7 20. Bc2 Qe7 21. Qe2 Rfd8
22. Qf2 Nxa4 23. bxa4 Rxc4 24. Be4 Nxe3 25. Bxb7 Qxb7 26. Nxe6
Rxc1 27. Bxc1 fxe6 28. Qxe3 Qd5 29. Qb6 b3 30. h3 Rc8 31. Ba3
h5 32. Qxa6 Rc2 33. Qb6 b2 34. a5 Qd2 35. Rg1 Rc1 36. Bxb2
Rxg1+ 37. Kxg1 Qxb2 38. Qxe6+ Kh7 39. Qe1 Qa1 40. Qxa1 Bxa1
41. a6 Bd4+ 42. Kf1 Kh6 43. g3 Kg5 44. Ke2 Kf5 45. Kd3 Ba7
46. h4 Ke5 47. Kc4 Bf2 48. Kd3 Kd5 49. Ke2 Bd4 50. Kd3 Ba7
51. Ke2 Kd4 52. g4 Ke5 53. gxh5 gxh5 54. Kf1 Kf4 55. Kg2 Kf5
56. Kg3 Bb6 57. Kg2 Ba7 58. Kg3 Bb6 59. a7 Bxa7 60. f4 Bb8
61. Kg2 Bxf4 62. Kh1 Bg5 63. Kg2 Bxh4 64. Kh1 Bf6 65. Kg2 h4
66. Kh1 h3 67. Kh2 Kg4 68. Kh1 Kg3 69. Kg1 Bd4+ 70. Kh1 h2
1/2-1/2

[Event "FIDE Online Steinitz Memorial"]
[Site "chess24.com INT"]
[Date "2020.05.17"]
[EventDate "2020.05.15"]
[Round "18"]
[Result "1-0"]
[White "David Anton Guijarro"]
[Black "Anton Korobov"]
[WhiteElo "2703"]
[BlackElo "2688"]
[PlyCount "75"]

1. Nf3 Nf6 2. c4 c6 3. Nc3 d5 4. e3 a6 5. d4 Bf5 6. Bd3 Bxd3
7. Qxd3 e6 8. O-O Bb4 9. a3 Ba5 10. b4 Bc7 11. e4 dxe4
12. Nxe4 Nxe4 13. Qxe4 Nd7 14. Bg5 Nf6 15. Bxf6 Qxf6 16. d5
cxd5 17. cxd5 e5 18. Rae1 O-O 19. Nxe5 Rad8 20. f4 Kh8 21. g3
Rfe8 22. Kg2 Kg8 23. Re3 Qd6 24. Qf3 Qxd5 25. Qxd5 Rxd5
26. Rfe1 Rd2+ 27. Kh3 Re6 28. Nf3 Rdd6 29. Ng5 Rxe3 30. Rxe3
Rd8 31. Re7 Bd6 32. Rxb7 Rf8 33. Rb6 Be7 34. Rxa6 h6 35. Nf3
Rd8 36. Ra7 Bf6 37. Ne5 g5 38. Nxf7 1-0